00723 a2200217 450000500170000000800410001701000140005802000110007203500130008303700150009604000180011108200060012910000240013524501070015926000290026626000320029527000800032730000280040765000510043570000190048620080924111043.0080924t xxu||||| |||| 00| 1aeng d aENG-91129 c195.00 aEN-74662 bDBAD / PUB adplbEnglish  aS aBalakrishnan, G.S.  aIntimate moments and other stories /cby G.S. Balakrishnan; translated from the Tamil by G.B. Prabhat  aChennai bKriyatorc2008 aNew Delhi bEastWest c2008 aF-5, Okhla Industrial Area, Phases-I, Mezzanine Floor, bNew Delhi e110020 aix, 172p. c23cm. (pbk) 2Short stories, TamilxTranslation into English aPrabhat, G.B.